Mengzi xuan zhu /

Saved in:
Bibliographic Details
Main Author: Mencius.
Other Authors: Li, Bingying.
Format: Book
Language:Chinese
Published: Xianggang : Xin yue chu ban she, 1961.
Subjects:
Tags: Add Tag
No Tags, Be the first to tag this record!
LEADER 00645cam a2200217ui 4500
001 007728020-2
005 20024617104250.0
008 900131s1961 hk 000 0 chi d
035 0 |a ocm20978981 
040 |a MiEM  |c MiEM  |d DGU  |d *YNH*  |d CStRLIN 
100 0 |a Mencius. 
245 1 0 |6 880-01  |a Mengzi xuan zhu /  |c Li Bingying xuan zhu. 
260 |6 880-02  |a Xianggang :  |b Xin yue chu ban she,  |c 1961. 
300 |a 188 p. 
600 0 0 |a Mencius. 
700 1 |6 880-03  |a Li, Bingying. 
880 1 0 |6 245-01  |a 孟子選註 /  |c 李炳英選註. 
880 |6 260-02  |a 香港 :  |b 新月出版社,  |c 1961. 
880 1 |6 700-03  |a 李炳英. 
988 |a 20021127 
906 |0 OCLC